[Event "Sigeman & Co 11th"]
[Site "Malmo"]
[Date "2003.05.02"]
[Round "4"]
[White "Sutovsky, Emil"]
[Black "Lindberg, Bengt"]
[Result "1-0"]
[WhiteElo "2652"]
[BlackElo "2392"]
[Annotator "Gofshtein,L"]
[PlyCount "71"]
[EventDate "2003.04.29"]
[EventType "tourn"]
[EventRounds "9"]
[EventCountry "SWE"]
[EventCategory "13"]
[SourceTitle "CBM 095"]
[Source "ChessBase"]
[SourceDate "2003.07.25"]
[SourceVersion "1"]
[SourceVersionDate "2003.07.25"]
[SourceQuality "1"]

1. e4 c5 2. Nf3 e6 3. d3 Nc6 4. g3 g6 5. c3 {[%mdl 4] White begins preparing
an assault on the center.} (5. Be3 Qb6 6. Nbd2 Qxb2 7. Nc4 Qc3+ 8. Bd2 Qg7 9.
Rb1 d6 10. Bg2 e5 11. O-O Be7 12. c3 Nf6 13. Qc1 $44 {1-0 Mikhaletz,
L-Malakhatko,V/Alushta 1998/EXT 2002 (43)}) 5... Bg7 6. Bg2 {6.Be3, as shown
by tournament experience doesn't produce much.} (6. Be3 b6 7. d4 cxd4 8. Nxd4 (
8. cxd4 Nge7 9. Nc3 d5 10. e5 O-O $132 {0-1 Yurtaev,L-Filippov,V/Vladivostok
1995/CBM 50 (30)}) 8... Nge7 9. Nb5 d5 10. Bg2 O-O 11. Bf4 Ne5 12. O-O Bb7 $132
{0-1 Beshukov,S-Moldobaev,E/Krasnodar 1998/EXT 2000 (31)}) 6... Nge7 7. h4 h6 {
Typical defense against the attack by the h-pawn.} 8. d4 {White carries out
his main plan in this variation. The implementation of the moves h4 and h6.The
movement of d4 is stronger because black's kingside is even further weakened.}
cxd4 9. cxd4 Qb6 {Black immediately attempts to begin counterplay.} 10. d5 Qb4+
{Possible, as well more practical is 10...Bb2 and white is yet to prove the
validity of his pawn-sacrifice} (10... Bxb2 $5 11. Bxb2 Qxb2 12. Nbd2 exd5 13.
exd5 Nxd5 14. O-O O-O) 11. Nfd2 Ne5 {Possibly black trusted his eminent
opponent. Right was 11...Bb2 giving black good chances.} (11... Bxb2 $1 12.
Bxb2 (12. a3 Qd4 13. Bxb2 Qxb2 14. Nb3 exd5 15. exd5 Na5 $132) 12... Qxb2 13.
Nb3 Nb4 $36) 12. O-O Nd3 {After this move the initiative is in white's hands.}
(12... exd5 $5 13. exd5 d6 14. Ne4 O-O $132) 13. a3 Qb5 {Intresting is 13...
Nb2, but in this case white also gets compensation for the sacrificed pawn.} (
13... Nxb2 14. axb4 Nxd1 15. Ra3 Nb2 16. d6 Nc6 17. Nc3 $44) 14. Nc3 Qa6 15. a4
$5 {With the idea to take control of b5.Also threatening is Nb5.} O-O 16. Nb5 {
[%cal Rb5c7] Now white firmly holds the initiative.} Nxc1 17. Nc7 $5 {White
engages in complications, which are successful.Also plausible was the simpler
17.Rc1 with an advantage.} Ne2+ 18. Kh2 Qa5 (18... Qd3 19. Ra3 Nc3 20. bxc3 $36
) 19. Nxa8 {White has won the exchange and confidently realizes his advantage.}
Nd4 20. Rc1 $16 exd5 21. exd5 d6 22. Rc7 $36 Nef5 (22... Bf5 23. Re1 Nc8 24. h5
) 23. h5 {White tries to further weaken black's king.} gxh5 24. Nc4 (24. Re1 $5
) 24... Qb4 25. Qxh5 {White moves his queen into the attack} b5 $1 {Black
tries to intensify the struggle on the queenside} 26. Ne3 Qxb2 $6 {Mistake
following which black's position becomes difficult.By way of 26...ba black
would have gotten good chances.} (26... bxa4 $5) 27. axb5 Qxb5 28. Rfc1 $5 Qb8
29. Be4 Nxe3 30. fxe3 Nb5 31. Rb1 a6 {Due to the weakness of pawn f7, black
loses.} 32. Re7 Qxa8 33. Rf1 $18 {[%csl Rf7][%cal Rh5f7,Re7f7,Rf1f7]} Be6 34.
dxe6 Qxe4 35. exf7+ Kh8 36. Rxe4 1-0

[Event "Sigeman & Co 11th"]
[Site "Malmo"]
[Date "2003.05.02"]
[Round "4"]
[White "McShane, Luke J"]
[Black "Timman, Jan H"]
[Result "1-0"]
[WhiteElo "2592"]
[BlackElo "2579"]
[Annotator "Gofshtein,L"]
[PlyCount "65"]
[EventDate "2003.04.29"]
[EventType "tourn"]
[EventRounds "9"]
[EventCountry "SWE"]
[EventCategory "13"]
[SourceTitle "CBM 095"]
[Source "ChessBase"]
[SourceDate "2003.07.25"]
[SourceVersion "1"]
[SourceVersionDate "2003.07.25"]
[SourceQuality "1"]

1. e4 c5 2. Nf3 Nc6 3. Bb5 e6 4. Bxc6 bxc6 5. d3 Ne7 6. Qe2 Qc7 7. O-O Ng6 8.
Ng5 e5 9. Qh5 {The opening part is commented on in the game Lutz-Terard.} d5
$146 {[%mdl 8] Not a very successful novelty.Right is 10...Be7 as was played
in Lutz's game-the idea being to exchange white's dangerous knight.Move 9...d5
to a certain extent, deviates from opening principles.} 10. Nc3 Bb7 $2 {
It appears that black underestimates white's threat.Right would have been 10...
h6 forcing back the dangerous knight.} (10... h6 $5 11. Nh3 d4 12. Ne2 Be7) 11.
f4 $1 {White takes advantage of the chance to open up the game.} exf4 (11... d4
12. Ne2 $40) 12. exd5 Bd6 {White's advantage in development is so great that
it's virtually impossible to suggest anything.} (12... cxd5 13. Bxf4 $18) 13.
Nce4 O-O-O (13... Be5 14. d6 Bd4+ 15. Kh1 Qd7 16. Re1 $36) 14. Nxd6+ Rxd6 15.
Bxf4 Nxf4 16. Qg4+ {16...Rf4 may even be stronger.} (16. Rxf4 $5 cxd5 17. Nxf7
Rd7 18. Raf1 g6 19. Qe2 $18) 16... Rd7 {More stubborn is 16...Qd7.} (16... Qd7
17. Qxf4 cxd5 18. Qxf7 Re8) 17. Rxf4 h5 18. Qf5 cxd5 19. Nxf7 Re8 20. Raf1 Kb8
21. Qxh5 $18 {Two extra pawns and an active position guarantees white the
victory.} Rde7 22. Qg6 Re6 23. Qxg7 d4 24. R4f2 Ka8 25. Qg3 {White intends to
lead the game into its technical faze so they offer a queens exchange.} Qb6 26.
b3 a6 27. h4 Rg6 28. Ng5 Ka7 29. Rf8 {Trying to exchange one of the opponent's
active pieces.} Qd8 30. Rxe8 Qxe8 31. Kh2 Rh6 32. Rf7 Qe2 33. Nf3 1-0

[Event "Bundesliga 0203"]
[Site "Germany"]
[Date "2003.03.09"]
[Round "13.3"]
[White "Shirov, Alexei"]
[Black "Schmittdiel, Eckhard"]
[Result "1-0"]
[WhiteElo "2699"]
[BlackElo "2491"]
[Annotator "Gofshtein,L"]
[PlyCount "69"]
[EventDate "2002.10.19"]
[EventType "team-tourn"]
[EventRounds "15"]
[EventCountry "GER"]
[SourceTitle "CBM 094"]
[Source "ChessBase"]
[SourceDate "2003.05.26"]
[SourceVersion "1"]
[SourceVersionDate "2003.05.26"]
[SourceQuality "1"]
[WhiteTeam "Luebeck"]
[BlackTeam "Stuttgart"]
[WhiteTeamCountry "GER"]
[BlackTeamCountry "GER"]

1. e4 c5 2. Nf3 Nc6 3. Nc3 {That's the way to avoid the Sveshnikov!} e5 (3...
Nf6 4. Bb5 Nd4 5. e5 $36) 4. Bc4 Be7 5. d3 h6 {Black takes control over g5 by
his last move; Alternatives are: 5..d6 and 5...Nf6;} (5... d6 6. O-O (6. Nd2 {
xd5} Nf6 (6... Bg5 7. h4 (7. Nf1 {1-0 Mirumian,V-Sidorenko,A/WchJM-U18 Szeged
1994/TD 94\01 (22)}) 7... Bh6 8. Qh5 {C ideei vizvat g6} g6 (8... Qd7 $142) (
8... Qe7 $5) 9. Qd1 Nf6 10. Nf1 (10. h5 {0-1 Fedorov,A-Morozevich,A/Chebanenco
mem 1st 1998/CBM 64_06 (19)}) 10... Bxc1 11. Qxc1 Be6 12. Ne3 Qd7 (12... Ne7 {
1/2-1/2 Hector Jonny-Schandorff Lars/It, Reykjavik (Iceland) 1997 (14)}) 13.
Ned5 Bxd5 14. Nxd5 Nxd5 15. Bxd5 $16 {1-0 Kasparov,G-Sutovsky,E/Tel Aviv 1998/
CBM 65/[Kostakiev,D] (41)}) 7. Nf1 Be6 (7... a6 8. a4 Bg4 9. f3 Be6 10. Ne3 Nb4
11. Qe2 (11. O-O O-O 12. Qe2 {transposes to the game}) 11... O-O 12. O-O Re8
13. b3 (13. Bd2 Rb8 14. a5 $5 Nc6 15. Ncd5 Nxd5 16. Nxd5 Nd4 17. Qd1 Bg5 18. c3
(18. Be1 $5 {intending g3, f4}) 18... Bxd2 19. Qxd2 Nc6 20. b4 cxb4 21. cxb4 b5
$1 $14 {Emms-Carlier, Cappele op 1993}) 13... Bf8 (13... d5 14. exd5 Nbxd5 15.
Nexd5 Nxd5 16. Bxd5 (16. Nxd5 Bxd5 17. Bb2 $14) 16... Bxd5 17. Qxe5 Bc6 $5 $36
(17... Bf6 18. Qxd5 Qxd5 (18... Bd4+ 19. Kh1 Bxc3 $1 20. Qxd8 Raxd8 21. Ra2 Re2
$17) 19. Nxd5 Bxa1 20. Nc7 Bd4+ 21. Kh1 Rac8 (21... Bc3 $5 22. Nxa8 Rxa8 23.
Be3 Re8 (23... b6 $2 24. Kg1) 24. Bxc5 Re2 25. Rd1 Rxc2 26. d4 Rb2 27. d5 Rxb3
28. d6 Bf6 29. d7 Bd8 30. Be7 $18) 22. Nxe8 Rxe8 23. Bd2 Re2 24. Re1 $1 $18))
14. Bb2 Nh5 $6 {allowing white to take over the d5 square gives white the
advantage} (14... d5 15. exd5 Nbxd5 16. Ncxd5 Nxd5 17. Nxd5 Bxd5 18. a5 $14)
15. g3 g6 16. Ncd5 Nc6 17. f4 exf4 {otherwise white plays f5.} 18. gxf4 Nd4 19.
Qg2 Bg7 20. c3 Bxd5 (20... Nc6 21. f5 Bd7 (21... Bxd5 {transposes to the game})
22. fxg6 hxg6 23. Rxf7 $1 Kxf7 24. Nf4+ $18) 21. Nxd5 Nc6 22. f5 $40 Ne5 23.
Bc1 {adding the bishop to the attack. white's knight on d5 makes the
difference.} Nxc4 24. bxc4 Re5 25. Bg5 Qa5 (25... f6 26. Bd2 Kf7 27. Kh1 {
black is hopeless}) 26. Qf3 (26. Rab1 $5 Rb8 27. Ne7+ Kh8 28. Nc6 $18) 26...
Rxd5 {trying to create counterplay but it's too late} 27. exd5 Qxc3 28. Rae1
Bd4+ 29. Kh1 f6 30. Bh6 Be5 31. Rg1 Kh8 32. Re2 (32. fxg6 {was also winning})
32... Rg8 33. Reg2 Bd4 34. Qxh5 $1 Bxg1 35. fxg6 hxg6 36. Bg7+ $1 {1-0
Balashov,Y-Ikonnikov,D/Perm 1997/CBM 58/[Liss,E] (36)}) (7... Bg4 8. f3 Be6 9.
Ne3 O-O 10. O-O Nd7 11. g3 Nb6 12. Ncd5 Nxc4 13. dxc4 g6 14. Bd2 f5 15. exf5
gxf5 16. f4 Bf6 17. Qh5 Qd7 18. Nxf6+ Rxf6 19. fxe5 dxe5 20. Ng4 fxg4 21. Rxf6
Qxd2 22. Rxe6 Qe3+ 23. Kh1 Qe4+ 24. Kg1 Qe3+ 25. Kh1 {1/2-1/2 Grischuk,A-Nedev,
T/Panormo 2001/CBM 84 ext (25)}) 8. Ne3 O-O (8... Bxc4 $6 9. dxc4 $14 (9. Nxc4
d5 10. exd5 Nxd5 $10)) 9. O-O Nd4 10. a4 a6 11. Ncd5 $14 {1/2-1/2 Gelfand,
B-Kramnik,V/Sanghi Nagar 1994/CBM 42/[Ftacnik] (30)}) 6... Nf6 7. Ng5 O-O 8. f4
h6 9. Nf3 exf4 10. Bxf4 Be6 11. Qd2 {Kupreichik,V-Sveshnikov,E/Frunze 1981/
URS-ch (24)1-0}) 6. Nd2 {[%cal Rd2f1,Rf1e3,Rf1g3] Typical monouever of white N
to e3;} Nf6 7. Nf1 a6 {7...0-0 is playable as well;} (7... O-O 8. Ne3 {[%cal
Ye3d5,Yc3d5]} d6 9. O-O a6 10. Ned5 Nd4 11. f4 exf4 12. Bxf4 Nxd5 13. Nxd5 Bg5
14. c3 Nc6 15. Bxg5 Qxg5 16. Nb6 Bg4 $132 {0-1 Filipenko,A-Moroz,A/Pardubice
1996/CBM 55 ext (22)}) (7... Na5 8. Ne3 Nxc4 9. dxc4 d6 10. O-O O-O 11. b3 $14
{1/2-1/2 Brustkern,J-Kholmov,R/Olomouc 2001/CBM 83 ext (37)}) 8. a3 $5 {
Securing Bc4;} b5 9. Ba2 c4 $2 {[%mdl 512]} 10. dxc4 b4 {Premature activity;
Black sacrifices pawn, trying to get some initiative;} 11. axb4 Bxb4 12. Ng3 d6
13. O-O Bg4 {Another alternative is a trade on c3, while white gets a3-f8
diagonal for Bc1 in that case;} (13... Bxc3 14. bxc3 {[%cal Rc1a3,Ya3d6,Yd1d6]}
) 14. f3 Bc5+ 15. Kh1 Be6 16. Nd5 O-O 17. c3 $16 {Outposted Nd5 and extra pawn
give white obvious advantage here;} a5 18. Bb1 {Transferring the bishop to a
better diagonal;} Nd7 19. Nf5 Nb6 20. f4 {The idea behind this move is to open
files and diagonals for white pieces;} exf4 (20... Nxc4 21. Qa4 $18) 21. Bxf4
Ne5 22. b4 $1 $18 Nxd5 (22... Bxf5 23. Bxe5 dxe5 24. bxc5 $18) 23. cxd5 Bxf5
24. bxc5 Bg4 25. Qe1 f6 26. Qg3 h5 27. Bxe5 fxe5 28. Bd3 Qc7 29. c6 {c6-passer
decides the game here;} Rxf1+ 30. Rxf1 Rf8 31. h3 Rxf1+ 32. Bxf1 Bd1 33. Qg6 a4
34. Qe8+ Kh7 35. Qd7 1-0

[Event "EU-Cup 16th"]
[Site "Neum"]
[Date "2000.09.30"]
[Round "7.3"]
[White "Galego, Luis"]
[Black "Golod, Vitali"]
[Result "0-1"]
[WhiteElo "2419"]
[BlackElo "2590"]
[Annotator "Golod,V"]
[PlyCount "52"]
[EventDate "2000.09.24"]
[EventType "team-swiss"]
[EventRounds "7"]
[EventCountry "BIH"]
[SourceTitle "CBM 080"]
[Source "ChessBase"]
[SourceDate "2001.01.25"]
[SourceVersion "1"]
[SourceVersionDate "2001.01.25"]
[SourceQuality "1"]
[WhiteTeam "Porto Boavista"]
[BlackTeam "Beer Sheva"]
[WhiteTeamCountry "POR"]
[BlackTeamCountry "ISR"]

1. e4 c5 2. Nf3 Nc6 3. Bb5 e6 4. Bxc6 bxc6 5. O-O Ne7 6. d3 Ng6 7. Nbd2 {
[%mdl 4]} ({Other possibilities is:} 7. e5 $5) ({and} 7. Ng5 f6 8. Nh3 $13)
7... Be7 ({Was checked in the previous games:} 7... d6) (7... e5 $5 8. b3 $6
Be7 9. Nc4 d6 $11 {Kauschmann,H-Muse,M/Berlin,1998(0-1) (35)}) 8. Nc4 {Most
probably,it's not best place for white knight.} (8. Nb3 $5 e5 9. c3 O-O 10. Re1
d6 11. d4 exd4 12. cxd4 c4 13. Nbd2 d5 14. Nf1 Bb4 15. Bd2 Rb8 16. Bxb4 Rxb4
$11 {Huebner,R-Gulko,B/Biel,1993(1/2-1/2)(20)}) 8... O-O 9. Bd2 Ba6 {/^a6-f1}
10. Re1 f6 {[%csl Yf6][%cal Yf6e5] Against Nfe5.} 11. a3 Rb8 {[%csl Rb2][%cal
Ga6c4]} 12. Rb1 $6 ({White equalizes after:} 12. b4 {[%csl Ra7]} Bxc4 13. dxc4
cxb4 14. axb4 Bxb4 15. Bxb4 Rxb4 16. Rxa7 Rf7 $11) 12... Qc7 $5 $146 {In my
opinion,this novelty much better,than:} (12... d6 13. h3 Qd7 14. b4 d5 15. Na5
Rfc8 16. Nb3 cxb4 17. axb4 e5 18. Ra1 Bb5 $11 {Belli,M-Granda Zuniga,J/Peru,
1994 (1/2-1/2) (27)}) 13. Ba5 $140 Qc8 {Now arrangement of the white bishop in
a5 very dubious.} 14. Qd2 ({Can be recommended:} 14. Ne3 $5) 14... Re8 {/\d5}
15. h4 Nh8 $1 {Preventive move.Knight transfer to "f7".} 16. e5 ({Again better
is:} 16. Ne3) 16... fxe5 17. Ncxe5 ({Loses right away:} 17. Rxe5 {because of:}
d5 $1 18. Ne3 Nf7 19. Rh5 g6 {[%csl Rh5]}) 17... d6 18. Nc4 e5 $15 19. Qe2 $6 (
{It deserves attention:} 19. Bc3) 19... Ng6 $1 {[%csl Rh4][%cal Gg6h4,Gg6f4]
Knight,unexpectedly,comes back to "g6".} 20. g3 {(weakness /^a8-h1)} ({After:} 
20. Rbd1 {[%csl Gd1,Rd6]} Bxc4 21. dxc4 Rxb2 {I have a pawn up.}) 20... e4 $1 {
[%mdl 64]} ({Dubious:} 20... d5 {in view of:} 21. h5 $1 (21. Ncxe5 $4 Bd6 $19 {
[%csl Re5]}) 21... Nf4 22. gxf4 Qg4+ 23. Kf1 dxc4 24. Nxe5 $15) 21. Ng5 $6 ({
More stubborn resistance after:} 21. Nh2 d5 22. Ne3 Ne5 $17 {[%csl Ga6,Rd3]}) (
{or} 21. Nfd2 d5 22. h5 (22. Ne3 Qe6 $17 (22... Ne5 $143 23. Qh5)) 22... exd3
23. cxd3 dxc4 24. hxg6 cxd3 25. gxh7+ Kxh7 26. Qh5+ Kg8 {-/+/=/+}) 21... d5 $5
({Much worse is:} 21... Bxc4 22. dxc4 Bxg5 23. hxg5 d5 {=/+/-/+} (23... Ne5 $2
24. Qxe4)) ({Also good enough:} 21... exd3 $5 22. cxd3 (22. Qxd3 d5 23. Nd6
Bxd3 24. Nxc8 Bxc2 $19) 22... d5 23. Nd2 Bxg5 24. Qxe8+ Qxe8 25. Rxe8+ Rxe8 26.
hxg5 Bxd3 {-/+/-+}) 22. Qh5 $2 ({It is necessary:} 22. Nd2 exd3 23. cxd3 Bxg5
24. Qxe8+ Qxe8 25. Rxe8+ Rxe8 26. hxg5 Bxd3 {-/+/-+}) ({or} 22. Nxh7 dxc4 (
22... Kxh7 $2 23. Qh5+ Kg8 24. Qxg6 dxc4 25. Bc3 $1 Bf8 26. dxe4 $15) 23. Qxe4
{-/+/-+}) 22... Bxg5 23. Nd6 Qh3 $1 $19 {[%csl Rg1][%cal Gg6e5,Ge5f3] With the
irresistible threat Ng6-e5-f3.} 24. Bc7 ({Also loses:} 24. dxe4 Re5 $19) ({and
} 24. Nxe8 Ne5 25. dxe4 (25. Re3 Ng4 $1 $19 {[%csl Rg1][%cal Gh3h2,Gh2f2]})
25... Ng4 {[%csl Rg1][%cal Gh3h2]} 26. Qxg4 Qxg4 27. Nc7 {[%csl Ra6,Rg5]} Be2
$1 28. hxg5 Bf3 29. Re3 dxe4 $19 {[%csl Rg1][%cal Gg4h3]}) 24... Ne5 {In my
opinion,it's best winning.} 25. Bxb8 $140 g6 $1 (25... Nf3+ $4 26. Qxf3 exf3
27. Rxe8#) 26. Nxe4 (26. Qe2 $144 Nf3+ 27. Qxf3 exf3 28. Rxe8+ Kg7 {[%csl Rg1]
[%cal Gh3g2]}) 26... dxe4 0-1

[Event "BL2-Sued 0001"]
[Site "Germany"]
[Date "2001.01.28"]
[Round "5.1"]
[White "Golubev, Mikhail"]
[Black "Krasenkow, Michal"]
[Result "1-0"]
[WhiteElo "2523"]
[BlackElo "2658"]
[Annotator "Golubev,M"]
[PlyCount "133"]
[EventDate "2000.10.15"]
[EventType "team-tourn"]
[EventRounds "9"]
[EventCountry "GER"]
[SourceTitle "CBM 081"]
[Source "ChessBase"]
[SourceDate "2001.03.20"]
[SourceVersion "1"]
[SourceVersionDate "2001.03.20"]
[SourceQuality "1"]
[WhiteTeam "Stuttgart"]
[BlackTeam "Ulm"]
[WhiteTeamCountry "GER"]
[BlackTeamCountry "GER"]

1. e4 c5 2. Nf3 Nc6 3. Nc3 (3. d4 $1) 3... e5 {Unpleasant surprise.} ({Before
the game I have devoted some part of the night for the different Sveshnikov
lines like} 3... e6 4. d4 cxd4 5. Nxd4 Nf6 6. Ndb5 d6 7. Bf4 e5 8. Bg5 a6 9.
Na3 b5 10. Bxf6 gxf6 11. Nd5 f5 12. c3 Bg7 13. exf5 Bxf5 14. Nc2 O-O 15. Nce3
Be6 16. Bd3 f5 17. O-O Ra7 18. a4 Ne7 19. axb5 Nxd5 20. Bxf5 Rxf5 21. Nxf5 Nf4
22. Ne3 {, and so on.}) 4. Bc4 Be7 5. d3 d6 6. Nd2 Bg5 7. Nf1 Nh6 $146 8. Ne3
Bxe3 9. Bxe3 Ng4 10. Bd2 {Taking in account the final position of the present
game (Bishop vs Knight, where White is winning), now I can call this retreat
as "decisive".} ({Speaking seriously,} 10. O-O Qh4 11. h3 Nxe3 12. fxe3 O-O {
deserves some attention too.}) 10... Qh4 11. Qf3 $8 Be6 (11... f5 12. Qg3 $14)
12. Qg3 Qxg3 13. hxg3 Kd7 {Krasenkow deslined my draw offer here - probably
due to a team reasons, because the only board where his team had a rating
advantage was his own. And it was a really decisive and unlucky desicion,
because in the end my team (Stuttgarter Schachfreunde) have won with the 4,5-3,
5 score... In fact, White is slightly better.} (13... Bxc4 $6 14. dxc4 Nd4 15.
Rc1 $36) 14. f3 Nf6 15. g4 h6 16. O-O-O Nh7 (16... a6 $5 17. Rh4 $5 (17. a4 $6
b5 $1)) (16... Nd4 $5 17. g5 $140 hxg5 18. Bxg5 Nh5) 17. Nd5 Ng5 18. Bb5 $6 {
Here I simply forgot that Black can move his rook from a8 (with idea of 19...
a6!).} (18. c3 $1 $14 {, and if} f6 {, only then} 19. Bb5) 18... Rab8 $1 19.
Ne3 a6 20. Bxc6+ $11 (20. Bc4 $5) 20... Kxc6 (20... bxc6 $5) 21. Nf5 Bxf5 22.
gxf5 f6 23. c3 $1 (23. Bxg5 $6 hxg5 $15 {is slightly better for Black.}) 23...
Rbd8 (23... d5 $5 $11) 24. d4 $1 cxd4 (24... exd4 $5 25. cxd4 d5 26. e5 $140
fxe5 27. dxe5 Rdf8 $132) 25. cxd4 exd4 26. Bf4 $1 $14 {From now, White is
clearly better. Nevertheless, Black hardly should lose.} Nf7 (26... d5 27. e5
$1 $36) (26... Kc5 27. Kb1 $5 $36) 27. Rxd4 Kd7 $1 (27... d5 $2 28. Kb1 $1 dxe4
29. Rc1+ Kb5 30. a4+ $18) 28. Rb4 b5 29. a4 Rb8 30. axb5 axb5 $6 (30... Rhc8+
$142 $5) (30... Rxb5 $5) 31. Rd1 Rhc8+ 32. Kb1 $138 Ne5 33. Rbd4 Rc6 34. Bd2
Rc4 35. Bb4 Rxd4 36. Rxd4 Rb6 37. Rd5 Nf7 38. Ka2 Ra6+ 39. Kb3 Kc6 40. Rd1 $36
Ra4 $2 {Quite possible, it was a fatal mistake. In this position Black must
preserve possibility to attack e4 pawn in answer to f3-f4 advance.} (40... Ra8
$142 41. f4 $140 Re8 $1) 41. Rc1+ {(absolutely unnecessary repetition, the
main idea of which were to "fix" a control moves)} (41. f4 $1) 41... Kd7 42.
Rd1 ({Fortunately, I saw} 42. f4 $2 Nd8 $1 $132 43. Rd1 $140 $2 Nc6 44. Rxd6+ (
44. Bxd6 Nd4+ 45. Kc3 Rc4+ $19) 44... Kc7 45. Bc5 Na5+ 46. Kc2 Rc4+ $19) 42...
Kc6 {[%mdl 4096]} 43. f4 $1 $16 {/\Rd3-g3, xPg7} Ra7 44. Rc1+ $1 (44. Rd3 Rd7
45. Rg3 $140 Nd8) 44... Kb6 (44... Kd7 45. Rc3 $1 $16 Rc7 (45... Ke7 46. Rg3
Kf8 47. e5) (45... Nd8 46. Rd3 $5 Nb7 47. e5) (45... Ra8 46. Rg3 Rg8 47. Bc3)
46. Rg3 Rc4 47. Rxg7 Ke8 48. Bc3 Rxe4 49. g3) 45. Rc8 Rd7 46. Rb8+ (46. Rg8 Nd8
) 46... Ka6 (46... Kc6 $5 47. Rg8 $140 d5 (47... Nd8 48. Ba5 $1 {Krasenkow})
48. Rxg7 dxe4 49. Rg6 Kd5 50. Rxf6 Kd4) 47. Bc3 $1 Re7 (47... Nd8 $2 48. Bd4 $1
$18) (47... Rd8 48. Rxd8 Nxd8 49. e5 $16) 48. Ra8+ $5 (48. Rg8 Rxe4 49. Rxg7
Nd8 $16) 48... Kb6 $6 (48... Kb7 49. Rg8 d5 $16 50. Bb4 $5 Rd7 51. exd5 Nd6)
49. Bd4+ Kc6 50. Ra6+ Kd7 51. Ra7+ Ke8 52. Rxe7+ Kxe7 53. Kb4 $18 Kd7 54. Kxb5
Nd8 55. b4 Nc6 56. Kc4 Ne7 57. b5 Kc7 (57... d5+ 58. Kd3 $18) 58. Bc3 d5+ 59.
Kd4 dxe4 60. Kxe4 g6 (60... Kb6 61. Bb4 Nc8 62. Bf8 Kxb5 63. Kd5 $18) 61. fxg6
f5+ 62. Ke5 Nxg6+ 63. Kxf5 Nh4+ 64. Ke4 Nxg2 65. f5 h5 (65... Nh4 66. Be1 Nxf5
67. Ba5+ $18) 66. Be5+ Kb6 67. Bg3 (67. Bg3 h4 68. Kf3 ({or} 68. f6 hxg3 69. f7
)) 1-0